00741nam a22002057a 450000500170000001000150001702000260003203500130005803700130007108200160008410000180010024500790011826000320019727000540022930000240028350000510030794200300035899900170038895201300040520140320123826.0 aENG-109337 a9788172736378c450.00 aEN-92870 bDBAD/PUB a320.5310954 aKansra, Deepa aIndia and the dynamics of socialism in the global order /cby Deepa Kansra a DelhibAuthorspress c2012 aE-35/103, Jawahar Park Laxmi NagarbDelhie110092 avii,155p.c22cm(Hb) aIncludes bibliographical references and index 2ddccENmKANh320.5310954 c82597d82597 001040718NFICaDBADbDBADd2014-02-18eDBAD/PUBg450.00l0o320.5310954 KANpEN-92870r2014-02-18 00:00:00t1v450.00yEN